000 00563nam a2200193Ia 4500
999 _c10581
_d10581
003 OSt
005 20191218134724.0
008 190216s9999||||xx |||||||||||||| ||und||
020 _a8173281092
040 _coclc
082 _a330.95404
_bAGR/I
100 _aAgrawal, A N
_9515
245 0 _aIndian Economy Problems Of Development And Planning /
_cA N Agrawal
250 _a28th ed.
260 _bWishwa Prakashan,
_c1984.
_aNew Delhi:
300 _a679p
650 _aEconomics
942 _cBK
_2ddc
_h330.95404
_iAGR/I
_k330.95404
_mAGR/I